000 01279nam a22002657a 4500
005 20170124103045.0
010 _aB-141532
020 _c400.00
_a81170436389
035 _aB-141532
037 _bCen Lib/Ret
040 _aDPL
_bHN
082 _a
_bबंगला
245 _aबंगला की प्रतिनिधि हास्य कहानियां /
_cसंपादक पृथ्वीनाथ शास्त्री [और] योगेन्द्र कुमार लल्ला
246 _aBangla ki pratinidhi hasya kahaniyan /
_bsampadak Prithvinath Shastri [aur] Yogendra Kumar Lalla
260 _aदिल्ली
_bआत्माराम एंड संस
_c2005
270 _aकश्मीरी गेट
_bदिल्ली
_e110006
300 _a400पृ.
_c21सेमी (सजिल्द)
650 _aबंगला साहित्य
_969040
650 _aकहानी संग्रह
_969041
650 _aBangla literature
_969042
650 _aStory collection
_969043
700 _aशास्त्री, पृथ्वीनाथ
_943407
700 _a लल्ला, योगेन्द्र कुमार
_948393
942 _2ddc
_cHN
_h
_mबंगला
999 _c116833
_d116833